حوارات : (Record no. 15686)
[ view plain ]
| 000 -الفاتح | |
|---|---|
| حقل البيانات ثابتة الطول | 00830nam a22001697a 4500 |
| 008 - عناصر البيانات ثابتة الطول - معلومات عامة | |
| حقل البيانات ثابتة الطول | 110712s1993 ua|||||r|||| 000 1 ara d |
| 082 ## - رقم تصنيف ديوى العشرى | |
| رقم الطبعة | 22 |
| رقم التصنيف | 070.43 |
| رقم المادة | س م ي |
| 100 ## - المدخل الرئيسى - إسم شخصى | |
| 9 (RLIN) | 8466 |
| الإسم الشخصى | عبد السميع , عمرو. |
| 245 ## - بيان العنوان | |
| العنوان | حوارات : |
| بقية العنوان | الحب والفن والحرية / |
| بيان المسئوليه,etc | عمرو عبد السميع |
| 260 ## - PUBLICATION, DISTRIBUTION, ETC. (IMPRINT) | |
| مكان الناشر او الموزع | القاهرة : |
| اسم الناشر او الموزع | المكتبة الثقافية، [1993] |
| تاريخ النشر أو التوزيع | [1993] |
| 300 ## - الوصف المادى | |
| التعداد | 614 ص ؛ |
| أبعاد الوعاء | 24 سم |
| 650 ## - المدخل الاضافى بالموضوع-مصطلح موضوعى | |
| 9 (RLIN) | 21028 |
| مصطلح موضوعي أو اسم جغرافي كعنصر مدخل | المقابلات الصحفية |
| 653 ## - مصطلح تكشيفى غير مقيد | |
| Resource For college | |
| Arrived date list | July2011 |
| 942 ## - عناصر المدخل الإضافي( كوها) | |
| مصدر التصنيف او مخطط الترفيف | Dewey Decimal Classification |
| Koha [default] item type | Book - Borrowing |
| حالة التراجع | حالة الفقد | مصدر التصنيف او خطة الترفيف | حالة تلف | ليس للاعارة | مجموعات كوها | المكان الدائم | المكان الحالي | موقع الترفيف | تاريخ الاكتساب | Source of acquisition | رقم الاستدعاء | الباركود | Date last seen | نوع الوعاء |
|---|---|---|---|---|---|---|---|---|---|---|---|---|---|---|
| Dewey Decimal Classification | Baccah | Central Library | Central Library | Lower Floor | 12/07/2011 | 070.43 س م ي | 000024347 | 15/07/2025 | Book - Borrowing | |||||
| Dewey Decimal Classification | Alef-Baa | Central Library | Central Library | Lower Floor | 12/07/2011 | 070.43 س م ي | 000024348 | 15/07/2025 | Book - Borrowing |